Представление документа в формате RUSMARC

ПолеНазваниеЗначение
  Тип записи i
  Библиографический уровень m
001 Контрольный номер RU/ГПНТБ России/KNIGADB/84(4Беи)/Ж 41-188113076
005 Дата корректировки 20211217162021.9
010 Индекс ISBN __
a ISBN 978-5-9677-2785-6
b Уточнения в кор.
d Цена 263-00
100 Данные общей обработки __
a Данные общей обработки 20201214d2018####d y0rusy0289 ca
101 Язык документа 0_
a Язык текста rus
102 Страна публикации __
a Страна публикации RU
105 Кодированные данные (монография) __
a Кодированные данные (монография)
106 Кодированные данные (форма документа) __
a Кодированные данные для формы документа (Обозначение носителя) s
125 Кодированные данные звукозаписи и нотных изданий __
b Определитель литературного текста с
126 Кодированные данные (звукозаписи-физические характеристики) __
a Кодированные данные звукозаписи (общие) agbхhхх cd
b Кодированные данные звукозаписи (уточнения) xxx
127 Кодированные данные (звукозаписи-физические характеристики) __
a Продолжительность проигрывания 0610##
135 Кодированные данные (электронные ресурсы) __
a Кодированные данные (электронные ресурсы) hongannnauuuu
181 Поле кодированных данных: вид содержания _0
a Код вида содержания (ISBD) h
182 Поле кодированных данных: тип средства _0
a Код типа средства (ISBD) a
200 Заглавие и сведения об ответственности 1_
a Заглавие Сиамцы
e Сведения, относящиеся к заглавию [повесть : аудиокнига]
f Первые сведения об ответственности Андрей Жвалевский, Евгения Пастернак ; читает Наталья Истарова ; звукорежиссер и автор музыки Джизаир Умеров ; продюсер Константин Барышев
203 Вид содержания и тип средства __
a Вид содержания Устная речь
c Тип средства аудио
210 Выходные данные 1_
a Место издания Москва
c Издательство 1С-Паблишинг
d Дата издания 2018
215 Физическое описание __
a Объем 1 электрон. опт. диск (CD-ROM) (6 ч. 10 мин.)
d Формат 12 см
c Иллюстрации/тип воспроизводства зв.
225 Серия 2_
a Серия 1С: Аудиокниги
300 Общие примечания __
a Общие примечания Заглавие с этикетки диска
300 Общие примечания __
a Общие примечания Данные в формате MP3
330 Аннотация __
a Аннотация Андрей Валентинович Жвалевский (род. 1967) - писатель, сценарист. Евгения Борисовна Пастернак (род. 1972) - писатель, соавтор Андрея Жвалевского. Послушайте удивительно добрую повесть, в которой рассказывается о непростых отношениях двух подростков - Яна и Гели, снимающих вместе видео для публикации на YouTube. Они живут насыщенной, яркой жизнью, решают сложные проблемы, пытаются разобраться со своими чувствами. Они заставят вас улыбаться, грустить, а возможно, и плакать. Но трогательная история про их дружбу, взросление, мечты, планы и надежды если и вызовет у слушателей слезы, то это будут слезы радости. Повесть проникнута атмосферой любви: героев друг к другу, родителей и детей, и, конечно же, соавторов к Минску, где они живут.
333 Примечание о целевом назначении __
a Примечание о целевом назначении 12+. Для детей старше 12 лет
337 Примечание о системных требованиях (электронные ресурсы) __
a Примечание о системных требованиях (электронные ресурсы) Системные требования: MS Windows 95/98/2000/ XP/Vista/7/8/10 ; Pentium 100 ; ОЗУ 16 Мб ; монитор SVGA, 800x600 ; устройство чтения CD/DVD-ROM ; зв. карта ; колонки или наушники ; мышь
606 Тематические рубрики __
a Основная рубрика Художественная литература
606 Тематические рубрики __
a Основная рубрика Современная русская литература (произведения)
610 Ключевые слова 0_
a Ключевые слова повести
610 Ключевые слова 0_
a Ключевые слова повести о детях
610 Ключевые слова 0_
a Ключевые слова детская литература
610 Ключевые слова 0_
a Ключевые слова повести о подростках
610 Ключевые слова 0_
a Ключевые слова тема подростков
610 Ключевые слова 0_
a Ключевые слова тема дружбы
610 Ключевые слова 0_
a Ключевые слова тема первой любви
686 Индексы других классификаций __
2 Код системы rubbks
a Классификационный индекс 84(2=411.2)6-4я04; ст84(2=411.2)6-4я0
700 Автор _1
a Фамилия Жвалевский
b Имя А. В.
g Полное личное имя Андрей Валентинович
f Даты 1967-
4 Код отношения 070
701 Альтернативная интеллектуальная ответственность _1
a Фамилия Пастернак
b Имя Е. Б.
g Полное личное имя Евгения Борисовна
f Даты 1972-
4 Код отношения 070
702 Вторичная интеллектуальная ответственность _1
a Фамилия Истарова
b Имя Н.
g Полное личное имя Наталья
4 Код отношения 590
702 Вторичная интеллектуальная ответственность _1
a Фамилия Умеров
b Имя Д.
g Полное личное имя Джизаир
4 Код отношения 300
4 Код отношения 230
702 Вторичная интеллектуальная ответственность _1
a Фамилия Барышев
b Имя К.
g Полное личное имя Константин
4 Код отношения 665
801 Источник записи _0
b Организация ГПНТБ России
a Страна RU
c Дата составления 20201214
g Правила каталогизации PSBO
801 Источник записи _1
b Организация ГПНТБ России
a Страна RU
c Дата составления 20201214
g Правила каталогизации PSBO
852 Данные о местонахождении 5_
j Шифр хранения 84(2=411.2)6-4я04
p Инвентарный номер RU
i Авторский знак Ж 41
900 Макрообъекты __
a Макрообъекты Сиамцы, А. Жвалевский, Е. Пастернак. 2018 г (эл. ресурс)
901 Тип документа __
a Ответственный ООФиК/Волкова
t Тип документа 0
903 Характеристики (МАРС) __
a Дата передачи 20210203
c Наименование библиотеки (МАРС) Муниципальное бюджетное учреждение культуры "Централизованная библиотечная система" г. Сургут (Центральная городская библиотека им. А. С. Пушкина)
969 Тип издания __
a Тип издания издание для слепых
a Тип издания аудиокнига
a Тип издания издание для детей
990 Данные о заказе (DOS) __
j Количество экземпляров (DOS) 3
t N записи в КСУ для И/У (DOS) 202102